000 00958cam a2200289 i 4500
001 017080681
003 EG-ScBUE
005 20250730084754.0
008 150119t2015 flua f 001 0 eng d
020 _a9781482242034 (hbk.)
040 _aStDuBDS
_beng
_erda
_cStDuBDS
_dEG-ScBUE
082 0 4 _a539.7
_222
_bNAT
100 1 _aNatarajan, Vasant,
_eauthor.
_937831
245 1 0 _aModern atomic physics /
_cVasant Natarajan, Indian Institute of Science, Bangalore, India.
264 1 _aBoca Raton :
_bCRC Press / Taylor & Francis,
_c[2015]
264 4 _cc2015
300 _axxi, 418 pages :
_billustrations (black and white) ;
_c24 cm
336 _2rdacontent
_atext
_btxt
337 _aunmediated
_2rdamedia
_bn
338 _avolume
_bnc
_2rdacarrier
500 _aIncludes index.
650 7 _aNuclear physics.
_2BUEsh
_96844
650 7 _aAtomic theory.
_2BUEsh
_937832
653 _bENGGEN
_cMay2015
655 _vReading book
_934232
942 _2ddc
_cBB
999 _c19270
_d19242